تهافت التهافت ;; Tahāfut al-Tahāfut / (Record no. 78079)
[ view plain ]
| 000 -LEADER | |
|---|---|
| fixed length control field | 01352cam a2200325 a 4500 |
| 001 - CONTROL NUMBER | |
| control field | 78079 |
| 003 - CONTROL NUMBER IDENTIFIER | |
| rucl marc code | BD-RjUL |
| 005 - DATE AND TIME OF LATEST TRANSACTION | |
| control field | 20211209083103.0 |
| 008 - FIXED-LENGTH DATA ELEMENTS--GENERAL INFORMATION | |
| fixed length control field | 210316s1964 u b 001 0 ara d |
| 035 ## - SYSTEM CONTROL NUMBER | |
| System control number | (BD-RjUL)78305 |
| 040 ## - CATALOGING SOURCE | |
| Original cataloging agency | MH |
| Transcribing agency | MH |
| Modifying agency | CStRLIN |
| -- | NIC |
| -- | NNU |
| Language of cataloging | eng |
| 041 ## - LANGUAGE CODE | |
| Language code of text/sound track or separate title | ara |
| 066 ## - CHARACTER SETS PRESENT | |
| Alternate G0 or G1 character set | (3 |
| 082 ## - DEWEY DECIMAL CLASSIFICATION NUMBER | |
| Edition number | 23 |
| Classification number | 181.07 |
| 100 0# - MAIN ENTRY--PERSONAL NAME | |
| Personal name | ابن رشد, أبي الوليد محمد ;; Ibn Rushd Abi Al-Walid Muhammad |
| 9 (RLIN) | 244867 |
| 245 10 - TITLE STATEMENT | |
| Title | تهافت التهافت ;; Tahāfut al-Tahāfut / |
| Statement of responsibility, etc. | أبو الوليد محمد بن راشد ; تحقيق سليمان دنيا ;; Abu Al-Walid Mohammed bin Rashid ; tahqiq sulayman dunia |
| 250 ## - EDITION STATEMENT | |
| Edition statement | al-Ṭabʿah 1. |
| 260 ## - PUBLICATION, DISTRIBUTION, ETC. (IMPRINT) | |
| Place of publication, distribution, etc. | al qahira : |
| Name of publisher, distributor, etc. | dar al maearif , |
| Date of publication, distribution, etc. | 1964 |
| 264 ## - PRODUCTION, PUBLICATION, DISTRIBUTION, MANUFACTURE, AND COPYRIGHT NOTICE | |
| Place of production, publication, distribution, manufacture | القاهرة : |
| Name of producer, publisher, distributor, manufacturer | دار المعارف ; |
| Date of production, publication, distribution, manufacture, or copyright notice | ١٩٦٤ |
| 300 ## - PHYSICAL DESCRIPTION | |
| Pagination | 461 p. ; |
| Size | 25 cm. |
| 490 1# - SERIES STATEMENT | |
| Series statement | Muʼallafāt Ibn Rushd ; |
| Volume/sequential designation | 3 |
| 504 ## - BIBLIOGRAPHY, ETC. NOTE | |
| Bibliography, etc | Includes bibliographical references and index. |
| 600 00 - SUBJECT ADDED ENTRY--PERSONAL NAME | |
| Personal name | Ghazzālī, |
| Dates associated with a name | 1058-1111. |
| Title of a work | Tahāfut al-falāsifah. |
| 650 #0 - SUBJECT ADDED ENTRY--TOPICAL TERM | |
| Topical term or geographic name as entry element | Islamic philosophy |
| General subdivision | Early works to 1800. |
| 9 (RLIN) | 246091 |
| Topical term or geographic name as entry element | Islam and philosophy |
| General subdivision | Early works to 1800. |
| 9 (RLIN) | 246092 |
| Topical term or geographic name as entry element | Islam |
| General subdivision | Doctrines |
| Form subdivision | Early works to 1800. |
| 9 (RLIN) | 246093 |
| 700 ## - ADDED ENTRY--PERSONAL NAME | |
| Personal name | سليمان دنيا ;; Suleiman Dunya |
| 830 #0 - SERIES ADDED ENTRY--UNIFORM TITLE | |
| Uniform title | Silsilat al-turāth al-falsafī al-ʿArabī |
| 942 ## - ADDED ENTRY ELEMENTS (KOHA) | |
| Source of classification or shelving scheme | Dewey Decimal Classification |
| Koha item type | Books |
| Lost status | Source of classification or shelving scheme | Damaged status | Not for loan | Collection code | Permanent Location | Current Location | Shelving location | Date acquired | Total Checkouts | Full call number | Date last seen | Copy number | Koha item type |
|---|---|---|---|---|---|---|---|---|---|---|---|---|---|
| Dewey Decimal Classification | Non-fiction | Central Library, University of Rajshahi | Central Library, University of Rajshahi | Reading Room | 16/03/2021 | A 181.07 IBT V-1 1964 | 16/03/2021 | C-1 | Books |